000 00695nam a2200253 a 4500
001 vtls001194880
003 NLI
005 20210603135516.0
008 120328s1944 nyu 000 0 eng d
039 9 _y201203281723
_zVLOAD
040 _a NLI
_b eng
_c Entertech IMP - 2012
_e AACR2
041 0 _aeng
044 _anyu
084 _a132.G.51
100 1 _aMcFarland, Myron E.
_9342242
245 1 0 _aShip's business /
_cMyron E. Mcfarland
260 _aNew York:
_bCornell Maritime Press ,
_c1944
300 _axi,147 p. ;
_c19 cm.
887 _a
901 _aWL3014 :
_b09.02.1956
902 _a132.G.51
942 _2ddc
_cBKS
949 _AVIRTUAITEM
_D10000
_X100
_6XXWL00003014ENG
999 _c438043
_d438043